Polskie strajki - nagła śmierć - Statystyki

Ogólne statystyki
  • Ten quiz został rozwiązany 49 razy
  • Średni wynik to 5 z 6
Answers on the Grid
Answers color-coded by a green-red scale on the quiz's grid according to % correct below.
Grudzień '70
Marzec '68
Czerwiec '76
Sierpień '80
Czerwiec '56
Grudzień '81
Luty '72
Styczeń '64
Listopad '79
Wrzesień '57
 
Statystyki odpowiedzi
Odpowiedź % Poprawnych
Sierpień '80
92%
Grudzień '81
89%
Czerwiec '56
86%
Marzec '68
84%
Czerwiec '76
78%
Grudzień '70
76%
Nie znaleziono quizów pasujących do podanych kryteriów
Rozkład punktacji
Procent ludzi z każdym wynikiem
Percentyl według liczby udzielonych odpowiedzi
Twoja historia wyników
Nie rozwiązałeś tego quizu